000 00826 a2200217 4500
999 _c1650
_d1650
020 _a033519883X (pbk.)
020 _a0335198848 (hbk.)
050 0 0 _aLA184
100 1 _aMartin, Elaine,
_d1948-
245 1 0 _aChanging academic work :
_bdeveloping the learning university /
_cElaine Martin.
264 _aBuckingham:
_bSRHE,
_cC.1999
300 _ax, 166 p. :
500 _aIncludes index
504 _aIncludes bibliographical references (p. [156]-160) and index.
650 0 _aEducation, Higher.
650 0 _aCollege teaching.
650 0 _aCollege teachers
_xJob stress.
650 0 _aEducational change.
942 _2lcc
_cBK
_h184.37
_iMAR
_kLA